000 01012nam0a22002531 4500
001 rc\4309766
005 20250612044239.0
021 _aRU
_b[58-51534]
035 _a(NLR Aleph) 008507512
090 _a8148148
_c8148148
100 _a20130416d1958 |||y0rusy50 ca
101 0 _arus
102 _aRU
105 _ay z |||||
200 1 _aЗаводская организация научно-технического общества
_e(Из опыт работы первичной организации Науч.-техн. о-ва энергет. пром-сти на заводе "Электросила")
210 _a[Москва]
_cПрофиздат
_d1958
215 _a84 с.
_d20
606 _aНаучно-технические общества энергетической промышленности
_2psbo
700 1 _aВиткова
_bН.П.
_gНина Павловна
801 0 _aRU
_bNLR
_gpsbo
801 1 _aRU
_bELAR
_2rusmarc
852 _aNLR
_j58-4/14108
942 _cBOOK
980 _aNB